[Event "XVI Torneo Internacional CIUDAD DE ALBA"]
[Site "Albacete - ESPAÑA"]
[Date "2008.09.04"]
[Round "6.17"]
[White "Juan Mas, Santiago"]
[Black "Garcia Moreno, Carlos"]
[Result "0-1"]
[WhiteElo "2098"]
[BlackElo "2176"]
[PlyCount "44"]
[EventDate "2008.09.01"]

1. d4 Nf6 2. Nf3 d6 3. c4 Nbd7 4. Nc3 e5 5. g3 g6 6. Bg2 Bg7 7. O-O O-O 8. Qc2
Qe7 9. Rd1 a6 10. dxe5 dxe5 11. Bg5 c6 12. h3 h6 13. Be3 Ne8 14. Na4 f5 15. Nh4
Qf7 16. Rxd7 Bxd7 17. Nb6 Rd8 18. Rd1 Nf6 19. Bc5 Rfe8 20. g4 e4 21. Nxd7 Nxd7
22. Be3 Qf6 0-1

[Event "XVI Torneo Internacional CIUDAD DE ALBA"]
[Site "Albacete - ESPAÑA"]
[Date "2008.09.04"]
[Round "6.18"]
[White "Vega Gomez, Francisco B"]
[Black "Velandrino Gomez, Maria Cielo"]
[Result "1-0"]
[WhiteElo "2170"]
[BlackElo "1995"]
[PlyCount "131"]
[EventDate "2008.09.01"]

1. Nf3 d5 2. d4 Nf6 3. c4 c6 4. Nc3 a6 5. g3 dxc4 6. a4 e6 7. Bg2 c5 8. O-O Nc6
9. Ne5 Nxd4 10. Nxc4 Be7 11. e3 Nf5 12. Qc2 O-O 13. Rd1 Qc7 14. a5 Bd7 15. Nb6
Rad8 16. Nxd7 Rxd7 17. Rxd7 Qxd7 18. Na4 Qc7 19. Bd2 Nd7 20. Rc1 Rc8 21. b3 Bf6
22. Be1 h6 23. Qe4 Nd6 24. Qd3 Nb5 25. Rd1 Ne5 26. Qe4 Nd6 27. Qb1 Nb5 28. Rc1
Nd7 29. Qc2 Be7 30. Qe2 Qb8 31. Qd3 Rd8 32. Qe4 Nd6 33. Qf3 Rc8 34. Qd1 Rc7 35.
f4 Qc8 36. Bf1 Nb5 37. Bd3 Nf6 38. Nb6 Qd8 39. Qe2 Nd5 40. Bxb5 axb5 41. Nxd5
Qxd5 42. Qxb5 Rd7 43. Kf2 g6 44. h4 Rd8 45. Bc3 Rd7 46. Qc4 Kf8 47. Qxd5 Rxd5
48. Ke2 Ke8 49. e4 Rd7 50. h5 g5 51. Bg7 gxf4 52. gxf4 f5 53. exf5 exf5 54.
Bxh6 Kf7 55. Bg5 Bf8 56. Rd1 Rc7 57. Rd5 c4 58. Rxf5+ Kg8 59. bxc4 Rxc4 60. Rb5
Rc7 61. Kf3 Kf7 62. Kg4 Bg7 63. Kf5 Rd7 64. Bh4 Rc7 65. Be1 Rd7 66. Bb4 1-0

[Event "XVI Torneo Internacional CIUDAD DE ALBA"]
[Site "Albacete - ESPAÑA"]
[Date "2008.09.04"]
[Round "6.19"]
[White "Machado Hernandez, Junior"]
[Black "Perez Garcia, Roberto"]
[Result "1/2-1/2"]
[WhiteElo "1975"]
[BlackElo "2154"]
[PlyCount "79"]
[EventDate "2008.09.01"]

1. e4 c5 2. Nf3 Nc6 3. Nc3 d6 4. d4 cxd4 5. Nxd4 e5 6. Nf3 Nf6 7. Bg5 Be7 8.
Bxf6 Bxf6 9. Bc4 O-O 10. O-O Bg4 11. Qd3 Nb4 12. Qe2 Bxf3 13. gxf3 Nc6 14. Nd5
Nd4 15. Qd3 Rc8 16. Bb3 Bg5 17. f4 Bh6 18. c3 Ne6 19. f5 Nf4 20. Nxf4 Bxf4 21.
Qh3 Rc6 22. Bd5 Rb6 23. b4 a5 24. a3 Qc7 25. bxa5 Rb5 26. Rab1 Qxa5 27. c4 Rxb1
28. Rxb1 b6 29. Rb5 Qa7 30. Qb3 Rb8 31. Qb4 Qe7 32. Rxb6 Rxb6 33. Qxb6 g6 34.
fxg6 hxg6 35. h3 Qg5+ 36. Kf1 Qh5 37. Qb3 Bd2 38. a4 Kg7 39. Kg2 Ba5 40. Qf3
1/2-1/2

[Event "XVI Torneo Internacional CIUDAD DE ALBA"]
[Site "Albacete - ESPAÑA"]
[Date "2008.09.04"]
[Round "6.20"]
[White "Lara Granero, Bio"]
[Black "Camacho Calle, Pedro"]
[Result "1/2-1/2"]
[WhiteElo "2034"]
[BlackElo "2140"]
[PlyCount "78"]
[EventDate "2008.09.01"]

1. e4 c5 2. Nc3 Nc6 3. f4 e6 4. Nf3 a6 5. d4 cxd4 6. Nxd4 Qc7 7. Be3 b5 8. a3
Bb7 9. Be2 Rc8 10. O-O Nf6 11. Bf3 Nxd4 12. Qxd4 Bc5 13. Qxc5 Qxc5 14. Bxc5
Rxc5 15. g4 e5 16. g5 Ng8 17. f5 Ne7 18. Rad1 Nc8 19. Rd3 Ke7 20. f6+ gxf6 21.
gxf6+ Ke8 22. Bg4 Bc6 23. Rf5 Rg8 24. Rg3 Nd6 25. Rh5 Rg6 26. Rxh7 Rxf6 27. b4
Rxc3 28. Rxc3 Nxe4 29. Re3 Rg6 30. h3 f5 31. Rh5 fxg4 32. Rxe5+ Kd8 33. h4 Nd6
34. h5 Rh6 35. Rg5 Bf3 36. Ree5 Nf7 37. Rg8+ Kc7 38. Rc5+ Kd6 39. Kf2 Ne5
1/2-1/2

[Event "XVI Torneo Internacional CIUDAD DE ALBA"]
[Site "Albacete - ESPAÑA"]
[Date "2008.09.04"]
[Round "7.2"]
[White "Guliev, Logman"]
[Black "Sriram, Jha"]
[Result "1-0"]
[WhiteElo "2437"]
[BlackElo "2429"]
[PlyCount "81"]
[EventDate "2008.09.01"]

1. e4 e5 2. Nf3 Nc6 3. Bb5 a6 4. Ba4 Nf6 5. O-O Be7 6. Re1 b5 7. Bb3 d6 8. c3
O-O 9. h3 Nb8 10. d4 Nbd7 11. Nbd2 Bb7 12. Bc2 Re8 13. Nf1 Bf8 14. Ng3 g6 15.
a4 Bg7 16. d5 Qb8 17. b3 c6 18. c4 bxc4 19. bxc4 a5 20. Ba3 Nc5 21. Rb1 Qc7 22.
Nxe5 Rxe5 23. f4 Ree8 24. Bxc5 dxc5 25. d6 Qc8 26. e5 Nd7 27. Qg4 Ba6 28. Bf5
Ra7 29. e6 fxe6 30. Bxe6+ Kh8 31. f5 Qd8 32. fxg6 Nf8 33. Bf7 Rxe1+ 34. Rxe1
Qxd6 35. Nf5 Qf6 36. Re8 h6 37. Qe4 Rxf7 38. gxf7 Qxf7 39. Re7 Qxc4 40. Qxc4
Bxc4 41. Nxg7 {....} 1-0

[Event "XVI Torneo Internacional CIUDAD DE ALBA"]
[Site "Albacete - ESPAÑA"]
[Date "2008.09.04"]
[Round "7.3"]
[White "Babaev, Rashad"]
[Black "Radulski, Julian"]
[Result "0-1"]
[WhiteElo "2484"]
[BlackElo "2516"]
[PlyCount "102"]
[EventDate "2008.09.01"]

1. e4 e5 2. Nf3 Nc6 3. Bb5 a6 4. Ba4 Nf6 5. O-O Be7 6. d3 b5 7. Bb3 d6 8. a4
Na5 9. Ba2 b4 10. Nbd2 c5 11. Nc4 Nxc4 12. Bxc4 O-O 13. h3 a5 14. c3 Nd7 15. d4
Nb6 16. Bb5 exd4 17. cxd4 Bb7 18. Re1 Rc8 19. Bf4 c4 20. d5 Bf6 21. Nd4 c3 22.
bxc3 Rxc3 23. Nc6 Bxc6 24. dxc6 Nc4 25. Qd5 Be5 26. Bxe5 Nxe5 27. Rad1 Qg5 28.
Kf1 Rd8 29. Re3 Rc5 30. Qd4 Nxc6 31. Bxc6 Rxc6 32. Rg3 Qh6 33. Qd5 Ra6 34. Rgd3
Qe6 35. Qb7 Qc4 36. Kg1 g6 37. e5 d5 38. e6 Rxe6 39. Rf3 Rf8 40. Rxd5 Rb6 41.
Qxb6 Qxd5 42. Re3 Rd8 43. g3 h5 44. Qf6 Rc8 45. Kh2 Qc6 46. Qg5 Qxa4 47. Re7
Qc2 48. Qf6 Qf5 49. Qd4 b3 50. Re5 Qc2 51. Rxa5 b2 0-1

[Event "XVI Torneo Internacional CIUDAD DE ALBA"]
[Site "Albacete - ESPAÑA"]
[Date "2008.09.04"]
[Round "7.4"]
[White "Kovacevic, Slobodan"]
[Black "Suba, Mihai"]
[Result "0-1"]
[WhiteElo "2417"]
[BlackElo "2507"]
[PlyCount "102"]
[EventDate "2008.09.01"]

1. d4 Nf6 2. Nf3 e6 3. Bg5 h6 4. Bh4 d6 5. c4 g5 6. Bg3 Nh5 7. Nc3 Bg7 8. e3
Nc6 9. Rc1 O-O 10. Be2 Ne7 11. Nd2 Nxg3 12. hxg3 f5 13. Nb3 c6 14. c5 d5 15. f4
g4 16. Nd2 Bd7 17. Kf2 Be8 18. b3 h5 19. Na4 Rf6 20. Nb2 Rh6 21. Nd3 Ng6 22. b4
a5 23. a3 Bf6 24. Nb3 axb4 25. axb4 h4 26. gxh4 g3+ 27. Ke1 Rxh4 28. Kd2 Ra2+
29. Rc2 Ra3 30. Rb2 Bg7 31. Kc3 Rh2 32. Rg1 b6 33. Kc2 bxc5 34. Nbxc5 Nf8 35.
Rb3 Ra7 36. Ne1 Rh6 37. Nf3 Nd7 38. Qe1 Qa8 39. Qc3 Nxc5 40. bxc5 Ra2+ 41. Rb2
Ra3 42. Rb3 Qa4 43. Rgb1 Bh5 44. Kd2 Ra2+ 45. R1b2 Bxf3 46. Bxf3 Rh1 47. Qc2
Rxb2 48. Rxb2 Qa1 49. Ra2 Qe1+ 50. Kd3 Rf1 51. Rb2 Kh7 0-1

[Event "XVI Torneo Internacional CIUDAD DE ALBA"]
[Site "Albacete - ESPAÑA"]
[Date "2008.09.04"]
[Round "7.5"]
[White "Castellanos Rodriguez, Renier"]
[Black "Ivanov, Jordan"]
[Result "1/2-1/2"]
[WhiteElo "2438"]
[BlackElo "2421"]
[PlyCount "85"]
[EventDate "2008.09.01"]

1. e4 d5 2. exd5 Nf6 3. Nf3 Nxd5 4. d4 g6 5. h3 Bg7 6. c4 Nb6 7. Nc3 O-O 8. Be3
Nc6 9. Be2 e5 10. d5 Ne7 11. O-O Nf5 12. Bg5 f6 13. Bd2 Nd7 14. b4 a5 15. a3
Re8 16. Ne4 Nd6 17. Nxd6 cxd6 18. Rc1 axb4 19. axb4 b6 20. Qb3 f5 21. Bc3 f4
22. Rfe1 e4 23. Nd4 Ne5 24. Bf1 Qg5 25. Rxe4 f3 26. Rc2 Bxh3 27. g3 Bxf1 28.
Kxf1 Qh5 29. Rh4 Nd3 30. Ne6 Bxc3 31. Qxc3 Qe5 32. Qxe5 dxe5 33. Kg1 Ra1+ 34.
Kh2 Rea8 35. Ng5 R8a2 36. Rxa2 Rxa2 37. Ne4 h5 38. g4 Nxf2 39. Nxf2 Rxf2+ 40.
Kg3 Rc2 41. gxh5 f2 42. Kg2 gxh5 43. Rxh5 1/2-1/2

[Event "XVI Torneo Internacional CIUDAD DE ALBA"]
[Site "Albacete - ESPAÑA"]
[Date "2008.09.04"]
[Round "7.6"]
[White "Serna Lara, Sergio"]
[Black "Epishin, Vladimir"]
[Result "1/2-1/2"]
[WhiteElo "2247"]
[BlackElo "2574"]
[PlyCount "52"]
[EventDate "2008.09.01"]

1. d4 g6 2. c4 Bg7 3. e4 d6 4. Nc3 Nd7 5. Nf3 a6 6. Be2 c6 7. Be3 Ngf6 8. h3
O-O 9. O-O b5 10. a3 bxc4 11. Bxc4 d5 12. Bd3 dxe4 13. Nxe4 Nd5 14. Bg5 h6 15.
Bd2 Kh7 16. Qc2 Bb7 17. b4 e6 18. Rac1 Qb8 19. Rfe1 Kg8 20. Rb1 Rd8 21. Ne5 Nf8
22. Nc5 Ne7 23. Bc3 Ra7 24. Qe2 Nd5 25. Bd2 Qd6 26. a4 Bc8 1/2-1/2

[Event "XVI Torneo Internacional CIUDAD DE ALBA"]
[Site "Albacete - ESPAÑA"]
[Date "2008.09.04"]
[Round "7.8"]
[White "Valmana Canto, Jaime"]
[Black "Llavador Moron, Juan Jose"]
[Result "1-0"]
[WhiteElo "2376"]
[BlackElo "2195"]
[PlyCount "91"]
[EventDate "2008.09.01"]

1. e4 c5 2. Nc3 g6 3. Nge2 Bg7 4. d4 cxd4 5. Nxd4 Nc6 6. Be3 Nf6 7. Bc4 O-O 8.
Bb3 Qa5 9. f3 d6 10. Qd2 Bd7 11. O-O-O Rfc8 12. Kb1 Ne5 13. h4 Nc4 14. Bxc4
Rxc4 15. Nb3 Qc7 16. g4 a5 17. e5 Rxc3 18. Qxc3 Qxc3 19. bxc3 Ne8 20. exd6 Nxd6
21. Bd4 Bf8 22. h5 g5 23. Be5 f6 24. Nc5 Bc6 25. Bxd6 exd6 26. Ne4 Bxe4 27.
fxe4 Rc8 28. Kb2 Kf7 29. Rhf1 Ke6 30. Rf5 b6 31. Rd4 Be7 32. Kb3 Kd7 33. Rc4
Rf8 34. Ka4 Rb8 35. Kb5 Bd8 36. Rf1 Be7 37. Rc6 Bd8 38. Rd1 Bc7 39. e5 fxe5 40.
Rf1 Bd8 41. Rf7+ Be7 42. Rxb6 Re8 43. Rxh7 Ke6 44. Rh6+ Kd5 45. c4+ Kd4 46. Re6
1-0

[Event "XVI Torneo Internacional CIUDAD DE ALBA"]
[Site "Albacete - ESPAÑA"]
[Date "2008.09.04"]
[Round "7.9"]
[White "Alcaraz Ortega, Javier"]
[Black "Cueto, Jonny"]
[Result "1/2-1/2"]
[WhiteElo "2105"]
[BlackElo "2321"]
[PlyCount "134"]
[EventDate "2008.09.01"]

1. c4 b6 2. d4 Bb7 3. Nc3 Nf6 4. Nf3 d6 5. e3 g6 6. b3 Bg7 7. Bb2 O-O 8. Be2
Nbd7 9. O-O e5 10. Qc2 Re8 11. Rad1 exd4 12. exd4 Ne4 13. Rfe1 Ndf6 14. d5 Nxc3
15. Bxc3 Bc8 16. Nd4 Bd7 17. Bf3 Ng4 18. Rxe8+ Qxe8 19. Bxg4 Bxg4 20. Re1 Qf8
21. h3 Bd7 22. Nf3 Re8 23. Rxe8 Qxe8 24. Bxg7 Kxg7 25. Qc3+ f6 26. Qe1 Qxe1+
27. Nxe1 Bf5 28. Nf3 Bb1 29. Kf1 f5 30. a3 Kf6 31. Ke2 Be4 32. Ke3 g5 33. g3 c5
34. Nd2 Bg2 35. h4 f4+ 36. Ke2 Kf5 37. hxg5 Kxg5 38. gxf4+ Kxf4 39. f3 h5 40.
Kf2 Bh1 41. Ne4 Bxf3 42. Nxd6 h4 43. Kg1 Bd1 44. b4 cxb4 45. axb4 a5 46. c5
bxc5 47. bxc5 Bf3 48. c6 Bxd5 49. c7 Be6 50. c8=Q Bxc8 51. Nxc8 a4 52. Nb6 a3
53. Nd5+ Ke4 54. Nb4 Kf3 55. Kh2 Ke2 56. Kh3 Kd2 57. Kxh4 Kc3 58. Na2+ Kb3 59.
Nc1+ Kb2 60. Nd3+ Kc3 61. Nc1 Kc2 62. Na2 Kb2 63. Nb4 Kb3 64. Nd3 Kc3 65. Nc1
Kb2 66. Nd3+ Kc3 67. Nc1 Kb2 1/2-1/2

[Event "XVI Torneo Internacional CIUDAD DE ALBA"]
[Site "Albacete - ESPAÑA"]
[Date "2008.09.04"]
[Round "7.10"]
[White "Fenollar Jorda, Manuel"]
[Black "Vega Gomez, Francisco B"]
[Result "1/2-1/2"]
[WhiteElo "2298"]
[BlackElo "2170"]
[PlyCount "58"]
[EventDate "2008.09.01"]

1. d4 Nf6 2. Nf3 g6 3. Bg5 Bg7 4. Nbd2 d5 5. e3 O-O 6. Be2 c5 7. c3 b6 8. O-O
Ba6 9. Bxa6 Nxa6 10. Qa4 Nb8 11. dxc5 bxc5 12. e4 Qd7 13. Qc2 e6 14. Rad1 Nc6
15. Rfe1 Qc7 16. exd5 exd5 17. Nb3 Ne4 18. Rxd5 Nxg5 19. Nxg5 c4 20. Nd2 Rfe8
21. Ngf3 Rxe1+ 22. Nxe1 Ne7 23. Rb5 Rd8 24. Nef3 Bh6 25. Rb4 Bxd2 26. Nxd2 a5
27. Ra4 Nf5 28. h3 Rd5 29. Nf1 Qc6 1/2-1/2

[Event "XVI Torneo Internacional CIUDAD DE ALBA"]
[Site "Albacete - ESPAÑA"]
[Date "2008.09.04"]
[Round "7.11"]
[White "Garcia Moreno, Carlos"]
[Black "Peric, Slavisa"]
[Result "1/2-1/2"]
[WhiteElo "2176"]
[BlackElo "2253"]
[PlyCount "24"]
[EventDate "2008.09.01"]

1. e4 e6 2. d4 d5 3. Nd2 dxe4 4. Nxe4 Nd7 5. Nf3 Ngf6 6. Bd3 c5 7. Bg5 Be7 8.
Nxc5 Nxc5 9. dxc5 Qa5+ 10. c3 Qxc5 11. Qe2 O-O 12. O-O Qc7 1/2-1/2

[Event "XVI Torneo Internacional CIUDAD DE ALBA"]
[Site "Albacete - ESPAÑA"]
[Date "2008.09.04"]
[Round "7.12"]
[White "Berbatov, Kiprian"]
[Black "Fernandez Garcia, Jose Miguel"]
[Result "1-0"]
[WhiteElo "2250"]
[BlackElo "2135"]
[PlyCount "58"]
[EventDate "2008.09.01"]

1. e4 c5 2. Nf3 e6 3. d4 cxd4 4. Nxd4 a6 5. Bd3 Qc7 6. O-O Nf6 7. Kh1 Be7 8. f4
d6 9. Nc3 Nbd7 10. Qe2 b5 11. a3 Bb7 12. Bd2 O-O 13. Rad1 Nc5 14. b4 Nxd3 15.
cxd3 Rfe8 16. Rc1 Qd7 17. f5 e5 18. Nb3 Rac8 19. Bg5 Rc7 20. Na5 Ba8 21. Be3
Rb8 22. Bg1 Bf8 23. Nb3 Rbc8 24. Rfe1 d5 25. Bc5 dxe4 26. dxe4 Nxe4 27. Nxe4
Qd5 28. Nbd2 Bxc5 29. bxc5 Rxc5 {...} 1-0

[Event "XVI Torneo Internacional CIUDAD DE ALBA"]
[Site "Albacete - ESPAÑA"]
[Date "2008.09.04"]
[Round "7.13"]
[White "Pereira, Octavio Sergio Alfe"]
[Black "Espinosa Aranda, Angel"]
[Result "0-1"]
[WhiteElo "2026"]
[BlackElo "2313"]
[PlyCount "38"]
[EventDate "2008.09.01"]

1. d4 d5 2. Nf3 Nf6 3. c4 dxc4 4. Ne5 c5 5. e3 Nbd7 6. Qa4 e6 7. Bxc4 Bd6 8.
O-O O-O 9. f4 cxd4 10. Nxf7 Kxf7 11. f5 Nc5 12. fxe6+ Bxe6 13. Bxe6+ Nxe6 14.
exd4 Kg8 15. Nc3 Ng4 16. Qc4 Bxh2+ 17. Kh1 Rxf1+ 18. Qxf1 Qh4 19. Bg5 Nxg5 0-1

[Event "XVI Torneo Internacional CIUDAD DE ALBA"]
[Site "Albacete - ESPAÑA"]
[Date "2008.09.04"]
[Round "7.14"]
[White "Vega Gutierrez, Sabrina"]
[Black "Garcia Lopez, Luis Manuel"]
[Result "1-0"]
[WhiteElo "2281"]
[BlackElo "2109"]
[PlyCount "107"]
[EventDate "2008.09.01"]

1. e4 c5 2. Nf3 d6 3. d4 cxd4 4. Nxd4 Nf6 5. Nc3 g6 6. Bc4 Bg7 7. O-O O-O 8.
Re1 Nc6 9. Nb3 Be6 10. Nd5 Rc8 11. Bf1 a6 12. a4 Re8 13. c3 Bxd5 14. exd5 Ne5
15. a5 Qc7 16. Ra4 Ned7 17. Be3 e5 18. dxe6 fxe6 19. Rc4 Qb8 20. Rxc8 Rxc8 21.
g3 Re8 22. Bh3 Qc7 23. Nd4 Nf8 24. Qb3 d5 25. Nf3 Ne4 26. Bd4 Bxd4 27. Nxd4 Qf7
28. Qc2 e5 29. Nb3 Ng5 30. Bg2 Nf3+ 31. Bxf3 Qxf3 32. Nc5 e4 33. Qd2 Qf7 34.
Qd4 Nd7 35. Nxd7 Qxd7 36. Rd1 Rd8 37. c4 Qf5 38. cxd5 Rd6 39. Rd2 h5 40. h4 g5
41. hxg5 Qxg5 42. Qxe4 Qxd2 43. Qe8+ Kg7 44. Qe7+ Kg8 45. Qxd6 Qxb2 46. Qe6+
Kg7 47. Qe7+ Kg6 48. Qe4+ Kf7 49. d6 Qc1+ 50. Kh2 Qf1 51. Qf5+ Ke8 52. Qe6+ Kf8
53. Qf6+ Kg8 54. d7 1-0

[Event "XVI Torneo Internacional CIUDAD DE ALBA"]
[Site "Albacete - ESPAÑA"]
[Date "2008.09.04"]
[Round "7.15"]
[White "Perez Garcia, Roberto"]
[Black "Draghici Flutur, Gravril *"]
[Result "1/2-1/2"]
[WhiteElo "2154"]
[BlackElo "2111"]
[PlyCount "117"]
[EventDate "2008.09.01"]

1. e4 c5 2. Nf3 d6 3. d4 cxd4 4. Nxd4 Nf6 5. Nc3 Nc6 6. Bc4 e6 7. Be3 Bd7 8. f3
Be7 9. Qe2 O-O 10. O-O-O a6 11. g4 b5 12. Nxc6 Bxc6 13. Bb3 b4 14. Nb1 Bb5 15.
Qf2 Nd7 16. h4 a5 17. a4 Ba6 18. g5 Rc8 19. f4 Nc5 20. Bxc5 Rxc5 21. f5 Re5 22.
Nd2 d5 23. exd5 Rxf5 24. Qa7 Bc8 25. Rhe1 Bd6 26. dxe6 Bxe6 27. Rxe6 fxe6 28.
Bxe6+ Kh8 29. Bxf5 Rxf5 30. Qd4 Qe7 31. Nc4 Bc7 32. Kb1 Kg8 33. Ne3 Re5 34. Nd5
Qf7 35. Nxc7 Qxc7 36. Rf1 Qe7 37. Qc4+ Qe6 38. Qxe6+ Rxe6 39. Rf5 Ra6 40. Ka2
h6 41. Kb3 Kh7 42. Rc5 hxg5 43. hxg5 Kg6 44. Kc4 Ra8 45. Kb5 Kh5 46. Kb6 g6 47.
Kb7 Rf8 48. Rxa5 Rf5 49. Ra8 Kxg5 50. a5 Rc5 51. a6 Rxc2 52. Rc8 Rxb2 53. Rc5+
Kf4 54. Ra5 Re2 55. a7 Re7+ 56. Kb6 Rxa7 57. Kxa7 g5 58. Ra4 g4 59. Rxb4+
1/2-1/2

[Event "XVI Torneo Internacional CIUDAD DE ALBA"]
[Site "Albacete - ESPAÑA"]
[Date "2008.09.04"]
[Round "7.16"]
[White "Sanchez Jerez, Emilio Miguel"]
[Black "Garcia Gata, Jorge D"]
[Result "1-0"]
[WhiteElo "2143"]
[BlackElo "2092"]
[PlyCount "63"]
[EventDate "2008.09.01"]

1. e4 c5 2. Nf3 d6 3. d4 cxd4 4. Nxd4 Nf6 5. Nc3 g6 6. Be3 Bg7 7. f3 O-O 8. Qd2
Nc6 9. O-O-O Nxd4 10. Bxd4 Be6 11. Kb1 Qc7 12. g4 Rfc8 13. h4 Qa5 14. a3 Rab8
15. h5 b5 16. h6 Bh8 17. g5 b4 18. Nb5 Qa4 19. Rh2 bxa3 20. b3 Bxb3 21. cxb3
Qxb3+ 22. Ka1 Nd7 23. Bxh8 Kxh8 24. Qd4+ f6 25. Rb1 Qxf3 26. Rf2 e5 27. Qxa7
Qg4 28. Be2 Qh3 29. Rf3 Qe6 30. Rxf6 Qe8 31. Rbf1 Ra8 32. Rf8+ 1-0

[Event "XVI Torneo Internacional CIUDAD DE ALBA"]
[Site "Albacete - ESPAÑA"]
[Date "2008.09.04"]
[Round "7.17"]
[White "Camacho Calle, Pedro"]
[Black "Gonzalez Lopez, Mario"]
[Result "1-0"]
[WhiteElo "2140"]
[BlackElo "1876"]
[PlyCount "47"]
[EventDate "2008.09.01"]

1. c4 e5 2. Nc3 d6 3. g3 g6 4. Bg2 Bg7 5. e3 Ne7 6. Nge2 O-O 7. d3 c6 8. O-O
Be6 9. b3 Qc8 10. Ba3 Rd8 11. Rc1 Bh3 12. Bxh3 Qxh3 13. d4 Qd7 14. dxe5 dxe5
15. Qc2 f5 16. Rfd1 Qe8 17. Rxd8 Qxd8 18. Rd1 Qe8 19. Qd3 Kf7 20. e4 c5 21. Nb5
Qc6 22. Qd8 Qb6 23. Nd6+ Ke6 24. Qe8 1-0

[Event "XVI Torneo Internacional CIUDAD DE ALBA"]
[Site "Albacete - ESPAÑA"]
[Date "2008.09.04"]
[Round "7.18"]
[White "Villasenor Rubio, Emilio Jose"]
[Black "Vega Gutierrez, Belinda"]
[Result "0-1"]
[WhiteElo "1768"]
[BlackElo "2129"]
[PlyCount "72"]
[EventDate "2008.09.01"]

1. e4 e5 2. Nf3 Nc6 3. Bb5 Nge7 4. O-O g6 5. c3 Bg7 6. d4 exd4 7. cxd4 d5 8. e5
O-O 9. Bg5 h6 10. Be3 a6 11. Ba4 Na5 12. Nc3 Nc4 13. Bc1 Be6 14. Bc2 c5 15.
dxc5 Qc7 16. Re1 Qxc5 17. Na4 Qc7 18. b3 Nxe5 19. Nxe5 Bxe5 20. Bxh6 Rfe8 21.
Rc1 Bxh2+ 22. Kh1 Bf4 23. Bxf4 Qxf4 24. Nc5 Bc8 25. Kg1 b6 26. Nd3 Qf6 27. Ne5
Kg7 28. Bb1 Rh8 29. g3 Be6 30. Rc7 Rh2 31. Qf3 Rah8 32. Qxf6+ Kxf6 33. Nd3 Bg4
34. f4 Rh1+ 35. Kf2 R8h2+ 36. Ke3 Rxe1+ 0-1

[Event "XVI Torneo Internacional CIUDAD DE ALBA"]
[Site "Albacete - ESPAÑA"]
[Date "2008.09.04"]
[Round "7.19"]
[White "Madurga Lopez, Ignacio"]
[Black "Campayo Hernandez, Juan"]
[Result "0-1"]
[WhiteElo "1666"]
[BlackElo "2123"]
[PlyCount "70"]
[EventDate "2008.09.01"]

1. e4 e6 2. d4 d5 3. e5 c5 4. c3 Qb6 5. Nf3 Nc6 6. a3 Nh6 7. b4 cxd4 8. cxd4
Nf5 9. Bb2 a5 10. b5 a4 11. g4 Nh6 12. Rg1 Nd8 13. Nc3 Qa5 14. Bd3 Ng8 15. Bc2
Bd7 16. Bxa4 Ne7 17. Qd3 Nc8 18. Bb3 Nb6 19. a4 Bb4 20. Nd2 Rc8 21. Rc1 Nxa4
22. Nxa4 Bxb5 23. Qxb5+ Qxb5 24. Rxc8 Bxd2+ 25. Kxd2 Qxb3 26. Ra8 O-O 27. Rc1
Nc6 28. Rxf8+ Kxf8 29. Ra1 Nb4 30. Ra3 Qc2+ 31. Ke3 Qe4+ 32. Kd2 Nc6 33. Nb6
Qf4+ 34. Ke1 f6 35. exf6 gxf6 0-1

[Event "XVI Torneo Internacional CIUDAD DE ALBA"]
[Site "Albacete - ESPAÑA"]
[Date "2008.09.05"]
[Round "8.1"]
[White "Solodovnichenko, Yuri"]
[Black "Guliev, Logman"]
[Result "0-1"]
[WhiteElo "2542"]
[BlackElo "2437"]
[PlyCount "94"]
[EventDate "2008.09.01"]

1. e4 c5 2. Nf3 d6 3. d4 cxd4 4. Nxd4 Nf6 5. Nc3 Nc6 6. Bg5 e6 7. Qd2 Qb6 8.
Nb3 a6 9. Bxf6 gxf6 10. f4 Bd7 11. O-O-O O-O-O 12. Be2 h5 13. Rhf1 Na5 14. Rf3
Nxb3+ 15. axb3 Bc6 16. Na4 Qc7 17. Qd4 Kb8 18. Nc3 Bh6 19. Qxf6 Rdg8 20. Rg3
Rc8 21. Rgd3 Bxe4 22. Rxd6 Bd5 23. Kb1 Qxd6 24. Nxd5 Qc5 25. Nc3 Qc7 26. g3 h4
27. Bf3 Rcg8 28. Qd4 Bg7 29. Qa4 Bxc3 30. bxc3 Rd8 31. Kb2 Rxd1 32. Bxd1 hxg3
33. hxg3 Rh3 34. Qe8+ Ka7 35. Qg8 Rh1 36. Qg4 Qd6 37. Bf3 Rf1 38. Qh5 f5 39.
Be2 Rf2 40. Bd1 Qd2 41. Qh1 Rg2 42. Bf3 Qxc2+ 43. Ka3 Qa2+ 44. Kb4 a5+ 45. Kc4
b5+ 46. Kc5 Qf2+ 47. Kxb5 Qxf3 0-1

[Event "XVI Torneo Internacional CIUDAD DE ALBA"]
[Site "Albacete - ESPAÑA"]
[Date "2008.09.05"]
[Round "8.2"]
[White "Radulski, Julian"]
[Black "Suba, Mihai"]
[Result "1-0"]
[WhiteElo "2516"]
[BlackElo "2507"]
[PlyCount "97"]
[EventDate "2008.09.01"]

1. e4 Nf6 2. e5 Nd5 3. d4 d6 4. Nf3 Nb6 5. Be2 dxe5 6. Nxe5 N8d7 7. Nf3 g6 8.
c4 Bg7 9. Nc3 Nf6 10. h3 O-O 11. O-O Bf5 12. Re1 Ne4 13. c5 Nxc3 14. bxc3 Nd5
15. Qb3 b6 16. Ne5 Bxe5 17. dxe5 c6 18. c4 Nc7 19. cxb6 axb6 20. Bh6 Re8 21.
Qxb6 Ne6 22. Be3 Bd3 23. Bf3 Qxb6 24. Bxb6 Rec8 25. c5 Nd4 26. a4 Nc2 27. a5
Nxa1 28. Rxa1 Kf8 29. Rd1 Bb5 30. Kh2 Ke8 31. Kg3 e6 32. Kf4 h6 33. Be4 Ke7 34.
Ke3 g5 35. Rd6 f5 36. exf6+ Kxf6 37. Kd4 h5 38. g3 g4 39. h4 Rf8 40. Rxc6 Bxc6
41. Bxc6 Ke7 42. Kc4 Rad8 43. a6 Rd1 44. a7 Ra1 45. Kb5 Rxf2 46. a8=Q Rb2+ 47.
Kc4 Rxa8 48. Bxa8 e5 49. Bb7 1-0

[Event "XVI Torneo Internacional CIUDAD DE ALBA"]
[Site "Albacete - ESPAÑA"]
[Date "2008.09.05"]
[Round "8.3"]
[White "Ivanov, Jordan"]
[Black "Cabrera, Alexis"]
[Result "1/2-1/2"]
[WhiteElo "2421"]
[BlackElo "2513"]
[PlyCount "93"]
[EventDate "2008.09.01"]

1. d4 f5 2. g3 Nf6 3. Bg2 g6 4. c4 Bg7 5. Nf3 O-O 6. O-O d6 7. Nc3 Nc6 8. d5
Na5 9. Qa4 c5 10. dxc6 Nxc6 11. Rd1 Kh8 12. c5 d5 13. Bf4 Be6 14. Ne5 Qe8 15.
Nxc6 bxc6 16. Be5 Kg8 17. Qd4 Bh6 18. b4 Ng4 19. b5 Nxe5 20. Qxe5 Bf7 21. Qc7
e6 22. Rab1 Qc8 23. Qxc6 Qxc6 24. bxc6 Rfc8 25. Rb7 Bf8 26. Nxd5 exd5 27. Rxf7
Kxf7 28. Bxd5+ Ke7 29. c7 Re8 30. Bxa8 Rxa8 31. c6 Ke8 32. h4 Rc8 33. Rd7 Be7
34. Kg2 Kf7 35. Kf3 Ke6 36. e4 fxe4+ 37. Kxe4 h5 38. Kd4 Bd6 39. Rd8 Rxc7 40.
Rg8 Kf6 41. Kd5 Ba3 42. Rb8 Ke7 43. Rb3 Bc1 44. Rb7 Kd8 45. Rb8+ Rc8 46. Rb7
Rc7 47. Rb8+ 1/2-1/2

[Event "XVI Torneo Internacional CIUDAD DE ALBA"]
[Site "Albacete - ESPAÑA"]
[Date "2008.09.05"]
[Round "8.5"]
[White "Castellanos Rodriguez, Renier"]
[Black "Valmana Canto, Jaime"]
[Result "1-0"]
[WhiteElo "2438"]
[BlackElo "2376"]
[PlyCount "68"]
[EventDate "2008.09.01"]

1. e4 e6 2. d4 d5 3. Nd2 Nf6 4. e5 Nfd7 5. Bd3 c5 6. c3 Nc6 7. Ngf3 cxd4 8.
cxd4 Qb6 9. O-O Nxd4 10. Nxd4 Qxd4 11. Nf3 Qb6 12. Qa4 Qb4 13. Qc2 Nc5 14. Bd2
Qa4 15. b3 Qd7 16. Bb4 b6 17. a4 Nxd3 18. Bxf8 Ba6 19. Bd6 Rc8 20. Qd2 Nc5 21.
Rfe1 Ne4 22. Qb4 Nxd6 23. exd6 Rd8 24. a5 Qxd6 25. Qd4 O-O 26. axb6 Bb7 27.
Rxa7 Rb8 28. Rc1 Rfc8 29. Rxc8+ Bxc8 30. Rc7 f6 31. b4 Bd7 32. Qa1 Kf8 33. Qa7
Rd8 34. Qa5 Rb8 1-0

[Event "XVI Torneo Internacional CIUDAD DE ALBA"]
[Site "Albacete - ESPAÑA"]
[Date "2008.09.05"]
[Round "8.6"]
[White "Epishin, Vladimir"]
[Black "Garcia Moreno, Carlos"]
[Result "0-1"]
[WhiteElo "2574"]
[BlackElo "2176"]
[PlyCount "56"]
[EventDate "2008.09.01"]

1. d4 Nf6 2. Nf3 e6 3. Bf4 c5 4. e3 b6 5. h3 Bb7 6. Nbd2 Be7 7. c3 O-O 8. Bd3
Nc6 9. O-O Rc8 10. Bh2 d6 11. Qe2 cxd4 12. exd4 Re8 13. a3 Bf8 14. Rfd1 e5 15.
dxe5 dxe5 16. Bf5 Ra8 17. Ne4 Qe7 18. Nd6 Qxd6 19. Rxd6 Bxd6 20. Bc2 g6 21. Bb3
Kg7 22. Rd1 Bc7 23. Bg3 Re7 24. Bh4 h6 25. Bxf6+ Kxf6 26. Nd2 Kg7 27. Ne4 f5
28. Nd6 Nd4 0-1